Linguistic Summaries Applied on Statistics - Case of Municipal Statistics

Enregistré dans:
Détails bibliographiques
Auteur principal: Hudec, Miroslav, 1969-
Format: Chapitre de livre
Langue:anglais
Tags: Ajouter un tag
Pas de tags, Soyez le premier à ajouter un tag!

MARC

LEADER 00000naa a2200000 4500
001 0188970
005 20240502083440.1
041 0 |a eng 
044 |a AT 
245 1 0 |a Linguistic Summaries Applied on Statistics - Case of Municipal Statistics  |c Miroslav Hudec 
100 1 |a Hudec, Miroslav, 1969-